Guess 20 Random Words! #1 - Statistics

General Stats
  • This quiz has been taken 9 times
  • The average score is 5 of 20
Answer Stats
Random Words % Correct
Cat
71%
Hello
43%
Jet
43%
Punk
43%
Bag
29%
Can
29%
Class
29%
Gay
29%
Shift
29%
Tee
29%
Tunisia
29%
Bookmark
14%
Cardiovascular
14%
Control
14%
Date
14%
Omaha
14%
Outlet
14%
Row
14%
Step
14%
Tangerine
14%
No matching quizzes found
Score Distribution
Percent of People with Each Score
Percentile by Number Answered
Your Score History
You have not taken this quiz